00847cam a2200229 a 450000100100000000500170001000800410002704000300006808200220009810000390012024500820015926000400024130000280028165000280030965000300033765000270036770000390039491000340043304900090046795201260047699900150060200001001420200929161813.0800508s1979 mx a 000 p spa  aDO-SdBNPbspacDLCdBNPHU aMe861.44bC827ó1 aCortázar, Enrique.d1944-92496110aOtras cosas y el otoño /cEnrique Cortázar; prefacio Jorge Galván Meza. aMéxico :bEditorial Diana,c1979. a148 p. :bil. ;c20 cm. 4aPoesía mexicana99120 4aLiteratura mexicana91922 4aPoesía amorosa992271 aGalván Meza, Jorgeepref.924962 aCatalogación por copia / LC aBNGR 001052708MOaGRbGRcCTd2009-10-02iLF1l0oMe861.44 C827óp10014-10r2020-06-25w2020-06-25y2ZPréstamo interno c9773d9773